00481nam a2200169Ia 4500020001800000082001600018245005900034260003500093300001300128440004100141504001900182650003200201650001900233650001200252650002000264700002700284 a9783319388205 a340.11 DEM- 0aDemanding justice in the global South: claiming rights aChambPalgrave Macmillanc2017 axv, 210p aDevelopment, justice and citizenship aincludes index aHuman rightsvlegal aspects aSocial justice aJustice aEmployee rights aJean Grugel...[et al.]